000 00606 a2200205 4500
020 _a033521746X
020 _a0335217478
020 _a9780335217465 (pbk)
020 _a9780335217472
040 _aDLC
_bDLC
100 1 _aBlaxter, Loraine,
245 1 0 _aHow to research
_cLoraine Blaxter, Christina Hughes and Malcolm Tight
250 _a3rd ed.
260 _aBuckingham ;
_aPhiladelphia :
_bOpen University Press,
_c2006.
300 _a287 p. :
_bill. ;
_c23 cm.
650 0 _aResearch
_xMethodology.
700 1 _aHughes, Christina,
_d1952-
700 1 _aTight, Malcolm.
942 _cBK
_k001.42 BLA
_2ddc
999 _c4901
_d4901